Language Quiz

Random Language or German Quiz
Score 0/54 Timer 07:00
0 Plays Today
English word/phrase German word/phrase % Correct
NoNein
95.4%
Thank youDanke
94.5%
YesJa
92.7%
PleaseBitte
92.7%
You're Welcomebitte
92.7%
Good MorningGuten Morgen
91.7%
Howwie
87.2%
Good Afternoon/dayGuten Tag
85.3%
Wherewo
84.4%
Whatwas
80.7%
I am...Ich bin
80.7%
How are you? (informal)Wie geht's
78.9%
Goodbye (formal)Auf Wiedersehen
77.1%
I have...Ich habe
73.4%
Whenwann
68.8%
Where is...?Wo ist
68.8%
What is that?Was ist das
67%
redrot
67%
Good NightGute Nacht
66.1%
coldkalt
66.1%
greengrun
65.1%
blueblau
63.3%
My name is...Ich heisse
62.4%
Do you speak English?Sprichst du Englisch
61.5%
whiteweiss
61.5%
Whower
60.6%
blackschwarz
60.6%
English word/phrase German word/phrase % Correct
How much...?Wie viel
59.6%
orangeorange
59.6%
yellowgelb
58.7%
warmwarm
56.9%
hotheiss
56.9%
I want....Ich will
56%
Goodby (informal)Tschuess
55%
I don't understandIch verstehe nicht
55%
How old are you?Wie alt bist du
54.1%
pinkrosa
54.1%
I'd like...Ich haette gern
52.3%
How are you? (formal)Wie geht es Ihnen
51.4%
I don't knowIch weiss nicht
51.4%
I am 25 years oldIch bin 25 Jahre alt
50.5%
SorryEs tut mir Leid
49.5%
graygrau
48.6%
brownbraun
48.6%
purplepurpur
45.9%
I am from AmericaIch komme aus Amerika
43.1%
It's rainingEs regnet
41.3%
Where are you from?Woher kommen sie
39.4%
Excuse me.Entschuldigen sie
35.8%
It's snowingEs schneit
21.1%
I like it.Es gefaellt mir
18.3%
It's sunnyDie Sonne scheint
16.5%
What time is it?Um wie viel Uhr ist es
4.6%
0%
Remove Ads.
Support Sporcle.
Get the best of Sporcle when you Go Orange. This ad-free experience offers more features, more stats, and more fun while also helping to support Sporcle. Thank you for becoming a member.

You're not logged in!

Compare scores with friends on all Sporcle quizzes.
OR
Log In

Show Comments

Extras

Created Dec 13, 2012ReportNominate
Tags:German Quiz, common, phrase

Top Quizzes Today


Score Distribution

Your Account Isn't Verified!

In order to create a playlist on Sporcle, you need to verify the email address you used during registration. Go to your Sporcle Settings to finish the process.

Report this User

Report this user for behavior that violates our Community Guidelines.

Details: